Kam až môže vzrásť cena emisných kvót

Vývoj cien emisných kvót (2005-2018). Európsky systém obchodovania s emisnými kvótami EÚ ETS. Implementácia systému rozvrhnutá do časových fáz. Reformy systému. Porovnanie spotreby emisných kvót pre výrobu elektriny so spotrebou v iných procesoch. Problematika najvyššej ceny emisných kvót.

Guardado en:
Detalles Bibliográficos
Autor principal: Pišta, Ján
Formato: Capítulo de libro
Lenguaje:eslovaco
Materias:
Etiquetas: Agregar Etiqueta
Sin Etiquetas, Sea el primero en etiquetar este registro!

MARC

LEADER 00000naa a2200000 4500
001 0247949
005 20180928094216.7
041 0 |a slo 
044 |a CZ 
245 1 0 |a Kam až môže vzrásť cena emisných kvót  |c Ján Pišta 
520 |a Vývoj cien emisných kvót (2005-2018). Európsky systém obchodovania s emisnými kvótami EÚ ETS. Implementácia systému rozvrhnutá do časových fáz. Reformy systému. Porovnanie spotreby emisných kvót pre výrobu elektriny so spotrebou v iných procesoch. Problematika najvyššej ceny emisných kvót. 
610 2 0 |a emisie 
610 2 0 |a kvóty 
610 2 0 |a obchod 
610 2 0 |a ceny 
610 2 0 |a vývoj cenový 
610 2 0 |a energetika 
100 1 |a Pišta, Ján